Score 0/28 Timer 03:00
0 Plays Today
Clue 4-Letter Word % Correct
Not on timeLATE
96%
 Green citrus fruit  LIME
95.9%
A ten-cent American coinDIME
95.4%
Fabric made of metallic fibersLAMÉ
87.3%
 Purplish drupe fruit  PLUM
87.2%
Rundown portion of a citySLUM
86.2%
+PLUS
84.6%
Captain James of the USS EnterpriseKIRK
81.9%
Desperately urgent or dismalDIRE
79.2%
To beat one's wingsFLAP
79.1%
NBA's Nowitzki or a Scottish daggerDIRK
78.4%
A slimy garden gastropodSLUG
78.3%
 Edible palm fruit  DATE
76.4%
Cherry stonesPITS
75.3%
Clue 4-Letter Word % Correct
Pocket breadPITA
74.2%
One of twelves Popes of this namePIUS
73%
Factual information for calculatingDATA
72%
Opposite of sharpFLAT
67.5%
Trepidation, dread or panicFEAR
62.4%
An Indian sword with a handguardPATA
59.9%
 Oblong pome fruit  PEAR
59.9%
First three community cards in Texas Hold 'EmFLOP
59.8%
Exploit or achievementFEAT
59.4%
 Fuzzy fruit of the Chinese gooseberry  KIWI
56.2%
Famed Soprano ___ Te KanawaKIRI
51.6%
Plod heavily against difficultySLOG
48.2%
A large sheet of ice in a body of waterFLOE
39.8%
 Fruit from the blackthorn  SLOE
37.6%

Today's Daily Dose

Remove Ads.
Support Sporcle.
Get the best of Sporcle when you Go Orange. This ad-free experience offers more features, more stats, and more fun while also helping to support Sporcle. Thank you for becoming a member.

You're not logged in!

Compare scores with friends on all Sporcle quizzes.
OR
Log In

Show Comments

Extras

Top Quizzes Today


Score Distribution

Your Account Isn't Verified!

In order to create a playlist on Sporcle, you need to verify the email address you used during registration. Go to your Sporcle Settings to finish the process.

Report this User

Report this user for behavior that violates our Community Guidelines.

Details: